Biology / (Record no. 15893)
[ view plain ]
| 000 -LEADER | |
|---|---|
| fixed length control field | 00442cam a2200169 a 4500 |
| 020 ## - INTERNATIONAL STANDARD BOOK NUMBER | |
| ISBN | 069721818X (case) |
| 020 ## - INTERNATIONAL STANDARD BOOK NUMBER | |
| ISBN | 0697218198 (paper) |
| 040 ## - CATALOGING SOURCE | |
| Transcribing agency | DLC |
| 082 00 - DEWEY DECIMAL CLASSIFICATION NUMBER | |
| Classification number | 574 BRO 1996 A082 Or. |
| 100 1# - MAIN ENTRY--AUTHOR NAME | |
| Personal name | Mader, Sylvia S. |
| 245 10 - TITLE STATEMENT | |
| Title | Biology / |
| 250 ## - EDITION STATEMENT | |
| Edition statement | 5th ed. |
| 260 ## - PUBLICATION, DISTRIBUTION, ETC. (IMPRINT) | |
| Place of publication | Dubuque, IA : |
| Name of publisher | Wm. C. Brown Publishers, |
| Year of publication | c1996. |
| 300 ## - PHYSICAL DESCRIPTION | |
| Number of Pages | 1 v. (various pagings) : |
| Other physical details | ill. (some col.) ; |
| Dimensions | 29 cm. |
| 650 #0 - SUBJECT ADDED ENTRY--TOPICAL TERM | |
| Topical Term | Biology. |
| 942 ## - ADDED ENTRY ELEMENTS (KOHA) | |
| Koha item type | សៀវភៅភាសាអង់គ្លេស |
| 952 ## - LOCATION AND ITEM INFORMATION (KOHA) | |
| Withdrawn status [LOCAL, KOHA] | 0 |
| Permanent Location | Date acquired | Koha item type | Lost status | Shelving location | Barcode | Current Location | Full call number |
|---|---|---|---|---|---|---|---|
| Library Block A | 2017-12-15 | សៀវភៅភាសាអង់គ្លេស | A082 | A10597 | Library Block A | 574 BRO 1996 A082 Or. |